zpět

Detail výsledku týmu

Bowling pub, Vyškov

Datum a čas kvízu

14.5 Celkem bodů Celkový počet nahraných bodů na tomto kvízu bez doplňovacích otázek.
12. Pořadí na kvízu Konečné umístění týmu na tomto kvízu.

Zaznamenané odpovědi

# Otázka Odpověď Body Výsledky
1. Prezident Petr Pavel minulý tý... Zlatý záchranářský kříž 0
2. Malé městečko Robbinsville mez... hinduismus 0
3. V sobotu začal po dvouleté pře... Adamczykovi 0
4. Společnost Microsoft v pátek d... Activision Blizzard 0
5. Jak se jmenuje český útočník,... Mojmír Chytil 0
6. Že se pravěk tradičně dělí na... halštatská, laténská 0
7. Lovci mamutů od Eduarda Štorch... Kopčem 0
8. Znáte seriál pro nejmenší na o... O človíčkovi 1
9. Uveďte českou podobu druhového... zručný 0
10. Ve kterém státě najdeme jeskyn... ve Francii 1